000 01018nam a2200337Ia 4500
001 012021
008 221003s2000 xx 000 0 fre d
020 _a2-11-004475-6
035 _aCENDO_6536
041 _afre
084 _aCD-02661
245 0 _a<Les> intermédiaires des politiques publiques de l'emploi /
_csous la direction de Didier Gélot et Patrick Nivolle
260 _aParís :
_bLa Documentation française,
_c2000
300 _a201 p. ;
_c 24 cm
490 _aCahier travail et emploi
500 _aBibliogr. 198-201
650 _aSERVICIO DE EMPLEO
_9122
650 _aFRANCIA
_9196
650 _aPOLITICA DE EMPLEO
_9112
650 _aINSERCION PROFESIONAL
_9721
700 _aGELOT, Didier,
_edir.
_96649
700 _aNIVOLLE, Patrick,
_edir.
_96650
710 _aFRANCIA
_bMinistère de l'emploi et de la solidarité
_94861
901 _a0
903 _aNO
904 _a000
953 _d2000-09-21
_yMONOGRAFIA
_oCD-02661
999 _c6535
_d6535
910 _a2000
942 _cMONOGRAFIA